[Event "DEN-ch Jr op"]
[Site "Haderslev"]
[Date "1981.06.??"]
[Round "1"]
[White "Andresen, Jesper"]
[Black "Holmsgaard, Henrik"]
[Result "1/2-1/2"]
[WhiteElo "1919"]
[BlackElo "2101"]

1. c4 e6 2. Nc3 d5 3. d4 c6 4. cxd5 exd5 5. Nf3 Be7 6. Qc2 Nf6 7. Bg5
g6 8. e3 Bf5 9. Bd3 Bxd3 10. Qxd3 O-O 11. O-O Nbd7 12. Rac1 Re8 13. a3
a5 14. Nd2 Nf8 15. Ne2 Ne4 16. Bxe7 Qxe7 17. Nxe4 Qxe4 18. Qxe4 dxe4
19. Rc2 Ne6 20. Nc3 Nc7 21. Na4 Nd5 22. Rfc1 f5 23. Nc3 Nc7 24. g3 Re6
25. Rd1 Rd6 26. Ne2 Ra6 27. Rb1 Nd5 28. Nc3 Rb6 29. Nxd5 Rxd5 30. Rc3
Kf7 31. b3 Ke6 32. Kf1 Rbb5 33. Ke2 c5 34. dxc5 Rbxc5 35. Rbc1 Kd6 36.
Rxc5 Rxc5 37. Rxc5 Kxc5 38. Kd2 b5 39. Kc3 b4+ 40. axb4+ axb4+ 41. Kd2
Kd5 42. Ke2 1/2-1/2

[Event "DEN-ch Jr op"]
[Site "Haderslev"]
[Date "1981.06.??"]
[Round "1"]
[White "Bang, Peter"]
[Black "Zielinski, Marek"]
[Result "1-0"]
[WhiteElo "1945"]
[BlackElo "2125"]

1. d4 Nf6 2. Bg5 d5 3. Nf3 Ne4 4. Bh4 c5 5. c3 Nc6 6. e3 Qb6 7. Qb3 c4
8. Qxb6 axb6 9. Nfd2 Nxd2 10. Nxd2 b5 11. Be2 e6 12. O-O b4 13. e4 f5
14. exd5 exd5 15. Bf3 Ra5 16. Bg3 Be6 17. Rfe1 Kf7 18. Re2 Rb5 19. Rae1
Bd7 20. Nf1 Ne7 21. cxb4 Nc6 22. a4 Rxb4 23. Bxd5+ Kg6 24. Re6+ Bxe6
25. Rxe6+ Kf7 26. Rxc6+ Ke8 27. Rxc4 Rxb2 28. Rc8+ Kd7 29. Rc7+ Kd8
30. Rxb7 Rxb7 31. Bxb7 Bb4 32. Ne3 Rf8 33. Nd5 1-0

[Event "DEN-ch Jr op"]
[Site "Haderslev"]
[Date "1981.06.??"]
[Round "1"]
[White "Caspersen, Jes"]
[Black "Agdestein, Espen"]
[Result "1/2-1/2"]
[WhiteElo "1907"]
[BlackElo "2100"]

1. e4 c6 2. d4 d5 3. Nc3 dxe4 4. Nxe4 Nf6 5. Nxf6+ gxf6 6. c3 Bf5 7.
Bd3 Bg6 8. Nf3 Qc7 9. h4 e6 10. h5 Bxd3 11. Qxd3 Nd7 12. Be3 O-O-O 13.
O-O-O Nb6 14. Nd2 Nd5 15. Kb1 f5 16. Bg5 Be7 17. Bxe7 Qxe7 18. g3 Rhg8
19. Qf3 Kb8 20. Rde1 Qc7 21. Nb3 Nf6 22. Nc5 Rd5 23. Nd3 Rgd8 24. Qf4
Qxf4 25. Nxf4 R5d7 26. f3 Rg8 27. Reg1 h6 28. Nd3 Rdd8 29. Ne5 Rg7 30.
g4 fxg4 31. fxg4 Rdg8 32. Rf1 Nxg4 33. Nxg4 1/2-1/2

[Event "DEN-ch Jr op"]
[Site "Haderslev"]
[Date "1981.06.??"]
[Round "1"]
[White "Christensen, Jan Schleicher"]
[Black "Prie, Erik"]
[Result "0-1"]
[WhiteElo "2019"]
[BlackElo "2160"]

1. e4 e6 2. d4 d5 3. Nc3 Bb4 4. Nge2 dxe4 5. a3 Bxc3+ 6. Nxc3 Nc6 7.
Bb5 Nge7 8. Nxe4 Qd5 9. Qd3 f5 10. Ng3 Qxg2 11. Bf4 Bd7 12. Bxc7 Nd5
13. Bxc6 Bxc6 14. Be5 f4 15. Qf1 Qxf1+ 16. Nxf1 Nb4 17. axb4 Bxh1 18.
Bxf4 O-O 19. Bg3 Bc6 20. O-O-O a5 21. bxa5 Rxa5 22. Ne3 Ra1+ 23. Kd2
Rxd1+ 24. Nxd1 g5 25. Ne3 h5 26. Nd1 Kh7 27. Ke3 Kg6 28. Be5 Kf5 29. f3
Kg6 30. f4 g4 31. c4 Kf5 32. Nc3 Bf3 33. Nb5 Ra8 34. Na3 Bc6 35. Bd6 h4
36. Nc2 g3 37. hxg3 h3 0-1

[Event "DEN-ch Jr op"]
[Site "Haderslev"]
[Date "1981.06.??"]
[Round "1"]
[White "Danielsen, Henrik"]
[Black "Watson, William"]
[Result "0-1"]
[WhiteElo "2075"]
[BlackElo "2350"]

1. c4 g6 2. Nf3 Bg7 3. d4 d6 4. Nc3 Nf6 5. e4 O-O 6. Be2 c6 7. O-O e5
8. Be3 exd4 9. Nxd4 Re8 10. Qc2 Qe7 11. f3 d5 12. cxd5 cxd5 13. Bd3 Na6
14. Qf2 Nb4 15. Bb5 Bd7 16. a3 Bxb5 17. Ndxb5 Nd3 18. Qd2 dxe4 19. Nxe4
Nxe4 20. Qxd3 Nc5 21. Bxc5 Qxc5+ 22. Kh1 Rad8 23. Qb3 Rd2 0-1

[Event "DEN-ch Jr op"]
[Site "Haderslev"]
[Date "1981.06.??"]
[Round "1"]
[White "Hofmann, Michael"]
[Black "Rasmussen, Karsten"]
[Result "0-1"]
[WhiteElo "2061"]
[BlackElo "2250"]

1. e4 c6 2. d3 e5 3. Nd2 g6 4. Ngf3 Bg7 5. c3 d6 6. Be2 Nh6 7. b4 a5
8. Bb2 axb4 9. cxb4 O-O 10. Qc2 f6 11. O-O Be6 12. a4 Nf7 13. b5 c5
14. Bc3 f5 15. Rfb1 h5 16. a5 f4 17. Nc4 g5 18. Nb6 Ra7 19. Ne1 g4 20.
f3 Qh4 21. Bf1 Ng5 22. Nc4 gxf3 23. gxf3 Rf6 24. Qf2 Rg6 0-1

[Event "DEN-ch Jr op"]
[Site "Haderslev"]
[Date "1981.06.??"]
[Round "1"]
[White "Iversen, Jorgen"]
[Black "Fluckiger, Christian"]
[Result "0-1"]
[WhiteElo "2005"]
[BlackElo "2160"]

1. e4 d6 2. d4 Nf6 3. Nc3 g6 4. f4 Bg7 5. Nf3 O-O 6. Be2 c5 7. d5 e6
8. O-O exd5 9. e5 dxe5 10. fxe5 Ng4 11. Bg5 f6 12. exf6 Nxf6 13. Bxf6
Bxf6 14. Qxd5+ Qxd5 15. Nxd5 Bd8 16. Bc4 Kg7 17. Ne5 Rf5 18. Rae1 Nd7
19. Nf7 Rxf1+ 20. Rxf1 Bf6 21. Nd6 Bd4+ 22. Kh1 Ne5 23. Ne8+ Kh6 24.
Be2 Bg4 25. Bxg4 Nxg4 26. Nef6 Nxf6 27. Nxf6 Bxb2 28. Ne4 b6 29. g3 Re8
30. Re1 Re5 31. Kg2 c4 32. Re2 c3 33. Kf3 Ra5 34. Re3 Rxa2 35. Nxc3 Ra3
36. Nd5 Rxe3+ 37. Kxe3 Kg5 38. h3 h5 39. Ke4 b5 40. Nc7 b4 41. Na6 Bc3
42. Nc5 a5 43. Na4 Be1 44. Kf3 Kf5 45. g4+ Kg5 46. gxh5 Kxh5 47. Nc5
Kh4 48. Kg2 Bc3 49. Na4 Bd4 50. Kh2 g5 51. Kg2 g4 52. hxg4 Kxg4 53. Kf1
Kf3 54. Ke1 Ke3 55. Kd1 Bg7 0-1

[Event "DEN-ch Jr op"]
[Site "Haderslev"]
[Date "1981.06.??"]
[Round "1"]
[White "Light, Bjarne"]
[Black "Jelling, Erik"]
[Result "0-1"]
[WhiteElo "1904"]
[BlackElo "2084"]

1. e4 Nf6 2. e5 Nd5 3. d4 d6 4. Nf3 g6 5. c4 Nb6 6. exd6 cxd6 7. Nc3
Bg7 8. Be2 Nc6 9. O-O O-O 10. h3 Bf5 11. Bg5 h6 12. Be3 d5 13. c5 Nc4
14. b3 Nxe3 15. fxe3 e5 16. Rc1 e4 17. Ne5 Bxe5 18. dxe5 Be6 19. Bg4
Nxe5 20. Bxe6 fxe6 21. Qd4 Qg5 22. Kh2 Nd3 23. Rb1 Rf5 24. Ne2 Raf8
25. Rxf5 Rxf5 26. Ng3 Rf2 27. Rf1 Rxa2 28. Qc3 Ne5 0-1

[Event "DEN-ch Jr op"]
[Site "Haderslev"]
[Date "1981.06.??"]
[Round "1"]
[White "Madsen, John"]
[Black "Schandorff, Lars"]
[Result "0-1"]
[WhiteElo "2023"]
[BlackElo "2165"]

1. d4 Nf6 2. c4 g6 3. Nc3 Bg7 4. e4 d6 5. Nf3 O-O 6. Be2 e5 7. dxe5
dxe5 8. O-O Nbd7 9. Bg5 c6 10. h3 h6 11. Be3 Qe7 12. Qc2 Nh5 13. Rad1
Nf4 14. Rfe1 g5 15. a3 Re8 16. b4 Bf8 17. Bf1 Qf6 18. Bxf4 exf4 19. Ne2
h5 20. Nh2 Ne5 21. Nd4 g4 22. Kh1 Bh6 23. c5 Kh8 24. Nf5 Bxf5 25. exf5
g3 26. fxg3 fxg3 27. Nf3 Nxf3 28. gxf3 Rxe1 29. Rxe1 Rd8 30. Qe4 Kg7
31. Qe7 Rd2 32. Qxf6+ Kxf6 33. Re8 Kxf5 34. Re2 Rxe2 35. Bxe2 Bc1 36.
a4 Ba3 37. b5 cxb5 38. Bxb5 Bxc5 39. Kg2 h4 40. Be8 f6 41. Bd7+ Ke5
42. Bc8 b6 43. Bb7 f5 44. f4+ Kxf4 45. Ba8 Ke3 46. Bc6 f4 47. Bb7 a6
48. Bc6 b5 49. axb5 axb5 50. Bxb5 f3+ 51. Kg1 Kf4+ 0-1

[Event "DEN-ch Jr op"]
[Site "Haderslev"]
[Date "1981.06.??"]
[Round "1"]
[White "Nielsen, Jan"]
[Black "Fransson, Peter"]
[Result "0-1"]
[WhiteElo "2023"]
[BlackElo "2181"]

1. c4 Nf6 2. Nc3 g6 3. g3 Bg7 4. Bg2 O-O 5. Nf3 d6 6. O-O Nc6 7. d4 a6
8. Bg5 h6 9. Bxf6 Bxf6 10. Qd2 Bg7 11. d5 Na5 12. b3 c5 13. e4 b5 14.
cxb5 axb5 15. Rac1 b4 16. Nd1 Qb6 17. Re1 e6 18. e5 Rd8 19. dxe6 Bxe6
20. Qe3 Nc6 21. exd6 Rxa2 22. Qxc5 Qxc5 23. Rxc5 Nd4 24. Nxd4 Bxd4 25.
Rb5 Bc3 26. Nxc3 bxc3 27. Rc5 c2 28. Be4 Bxb3 29. Rc1 Rxd6 30. Bxc2 Be6
31. Rc3 Rd2 32. h4 Rb2 33. Rc5 Kg7 34. Rc7 Bd5 35. Rc5 Be6 36. Rc7 g5
37. hxg5 hxg5 38. Rc3 g4 39. Rc5 Kf6 40. Rc6 Ke7 41. Rc3 Kf8 42. Rc5
Kg7 43. Rg5+ Kf6 44. Rc5 Bd5 45. Rc8 Bf3 46. Rc4 Re2 47. Kf1 Rb8 48.
Bd1 Rh8 49. Rf4+ Ke7 50. Rxf3 gxf3 0-1

[Event "DEN-ch Jr op"]
[Site "Haderslev"]
[Date "1981.06.??"]
[Round "1"]
[White "Nielsen, Lars"]
[Black "Norgaard, Jesper"]
[Result "1/2-1/2"]
[WhiteElo "2037"]
[BlackElo "2244"]

1. e4 e5 2. Nf3 Nc6 3. Bb5 a6 4. Ba4 Nf6 5. O-O Be7 6. Re1 b5 7. Bb3 d6
8. c3 O-O 9. h3 Na5 10. Bc2 c5 11. d4 Qc7 12. Nbd2 Re8 13. Nf1 Bf8 14.
Ng3 g6 15. d5 c4 16. Nh2 Bg7 17. f3 h6 18. Be3 Nd7 19. Qd2 Kh7 20. Ngf1
Nc5 21. g4 Bd7 22. Ng3 Nab7 23. Kh1 a5 24. Rg1 Qd8 25. Raf1 g5 26. Nf5
Bxf5 27. gxf5 f6 28. h4 Rh8 29. Qg2 Qe7 30. Qh3 Kg8 31. Qg4 Kf8 32. Kg2
Nd8 33. hxg5 hxg5 34. Rh1 Ndb7 35. Rfg1 Rh4 36. Qg3 Kf7 37. Ng4 Rah8
38. Rxh4 Rxh4 39. Rh1 Rxh1 40. Kxh1 Qe8 41. Qh2 Kg8 42. Qd2 1/2-1/2

[Event "DEN-ch Jr op"]
[Site "Haderslev"]
[Date "1981.06.??"]
[Round "1"]
[White "Ochsner, Thomas"]
[Black "Kirkmeester, Heiko"]
[Result "1/2-1/2"]
[WhiteElo "2029"]
[BlackElo "2225"]

1. e4 e6 2. d4 d5 3. Nd2 b6 4. Ngf3 dxe4 5. Nxe4 Bb7 6. Bd3 Nd7 7. O-O
Ngf6 8. Nxf6+ Nxf6 9. Bg5 Be7 10. c3 O-O 11. Re1 c5 12. Bxf6 Bxf6 13.
dxc5 bxc5 14. Qe2 Rb8 15. Nd2 Bd5 16. Ne4 c4 17. Bc2 g6 18. Nxf6+ Qxf6
19. Rab1 Rb6 20. Be4 Bxe4 21. Qxe4 Rfb8 22. Re2 Qf5 23. Qxf5 gxf5 24.
Kf1 a5 25. b3 cxb3 26. axb3 Rxb3 27. Rxb3 Rxb3 28. Ra2 Rxc3 29. Rxa5
Rc2 30. g3 Kg7 31. Kg2 Rc4 32. Kf3 f6 33. Ra7+ Kg6 34. h4 h6 35. Ra8 e5
36. Rg8+ Kf7 37. Ra8 f4 38. g4 Rc3+ 39. Kg2 Rc7 40. Kf3 Rc3+ 41. Kg2
Rc7 42. Kf3 Rc2 43. Ra7+ Ke6 44. Rh7 Rc3+ 45. Ke4 Rc2 46. Kf3 Kd5 47.
Rd7+ 1/2-1/2

[Event "DEN-ch Jr op"]
[Site "Haderslev"]
[Date "1981.06.??"]
[Round "1"]
[White "Rewitz, Poul"]
[Black "Lutz, Richard"]
[Result "1-0"]
[WhiteElo "2007"]
[BlackElo "2160"]

1. c3 Nf6 2. d4 d5 3. Bg5 c6 4. Nd2 Bf5 5. e3 Nbd7 6. f4 Qb6 7. Bxf6
Nxf6 8. b4 a5 9. a3 Ng4 10. Ke2 h5 11. h3 Nf6 12. Kf2 e6 13. Ngf3 h4
14. Be2 Qc7 15. Ne5 Bd6 16. Rf1 Ke7 17. Qb3 a4 18. Qd1 b5 19. Ra2 Rag8
20. Bg4 g6 21. Qe2 Rg7 22. Ke1 Ke8 23. Bf3 g5 24. e4 Bh7 25. exd5 Bxe5
26. fxe5 Nxd5 27. Bxd5 exd5 28. Rf6 Rg6 29. Nf3 Qe7 30. Rxg6 Bxg6 31.
Qe3 Rh5 32. Rf2 Be4 33. Nh2 Rh6 34. Ng4 Re6 35. Nf6+ Kd8 36. Qxg5 Bg6
37. Qxh4 Rxe5+ 38. dxe5 Qxe5+ 39. Re2 Qxc3+ 40. Kf1 Qa1+ 41. Kf2 Qd4+
42. Qxd4 1-0

[Event "DEN-ch Jr op"]
[Site "Haderslev"]
[Date "1981.06.??"]
[Round "1"]
[White "Sorensen, Torben N"]
[Black "Ray, Dennis"]
[Result "0-1"]
[WhiteElo "1952"]
[BlackElo "2126"]

1. d4 Nf6 2. c4 c5 3. d5 e6 4. Nc3 exd5 5. cxd5 d6 6. e4 g6 7. Nf3 Bg7
8. Nd2 O-O 9. Be2 Na6 10. O-O Nc7 11. a4 a6 12. Nc4 Rb8 13. Bf4 Nfe8
14. f3 b5 15. Na5 Bd7 16. axb5 axb5 17. Kh1 f5 18. Qd2 b4 19. Nd1 fxe4
20. fxe4 Qe7 21. Bd3 Ra8 22. Re1 Nb5 23. Bg3 Nd4 24. Bf2 Rxa5 0-1

[Event "DEN-ch Jr op"]
[Site "Haderslev"]
[Date "1981.06.??"]
[Round "1"]
[White "Windelboe, Werner"]
[Black "Winants, Luc"]
[Result "1-0"]
[WhiteElo "1982"]
[BlackElo "2138"]

1. Nf3 c5 2. g3 Nc6 3. Bg2 g6 4. c4 Bg7 5. Nc3 e6 6. e3 e5 7. O-O Nge7
8. Rb1 d6 9. a3 a5 10. Qa4 O-O 11. b4 cxb4 12. axb4 Bf5 13. b5 Bxb1
14. bxc6 Bd3 15. cxb7 Rb8 16. Re1 Rxb7 17. Nb5 d5 18. Ba3 e4 19. Nfd4
dxc4 20. Nd6 Rd7 21. N4b5 c3 22. dxc3 Bxb5 23. Nxb5 f5 24. Nd4 Bxd4
25. exd4 Rf7 26. Bc5 Nd5 27. Qa3 Qg5 28. Rb1 Qd8 29. c4 Nb4 30. d5 Nd3
31. Bd4 Rb7 32. Rxb7 Rxb7 33. Bf1 Rb1 34. Qc3 Rc1 35. Qb3 Qc8 36. d6 f4
37. Qb5 fxg3 38. d7 gxh2+ 39. Kxh2 Qc7+ 40. Kg1 Kf8 41. Bb6 1-0

[Event "DEN-ch Jr op"]
[Site "Haderslev"]
[Date "1981.06.??"]
[Round "2"]
[White "Agdestein, Espen"]
[Black "Andresen, Jesper"]
[Result "1-0"]
[WhiteElo "2100"]
[BlackElo "1919"]

1. d4 d5 2. c4 e6 3. Nf3 Nf6 4. g3 Be7 5. Bg2 O-O 6. O-O Nbd7 7. Qc2 c6
8. b3 b6 9. Bb2 Bb7 10. Nbd2 c5 11. dxc5 dxc4 12. Nxc4 Bxc5 13. Rad1
Qc7 14. Ng5 g6 15. Bxb7 Qxb7 16. Qc3 Be7 17. Rxd7 Qxd7 18. Ne4 Qd8 19.
Nxf6+ Bxf6 20. Qxf6 Qxf6 21. Bxf6 Rac8 22. Be7 Rfe8 23. Nd6 Rxe7 24.
Nxc8 Rc7 25. Nd6 Rc2 26. e3 Rxa2 27. Rc1 Rd2 28. Rc8+ Kg7 29. Nc4 Rd1+
30. Kg2 Rb1 31. Rc7 Rxb3 32. Rxa7 Kg8 33. Rb7 1-0

[Event "DEN-ch Jr op"]
[Site "Haderslev"]
[Date "1981.06.??"]
[Round "2"]
[White "Danielsen, Henrik"]
[Black "Iversen, Jorgen"]
[Result "1-0"]
[WhiteElo "2075"]
[BlackElo "2005"]

1. c4 e5 2. Nc3 f5 3. g3 Nf6 4. Bg2 Be7 5. e3 O-O 6. Nge2 c6 7. O-O Na6
8. a3 d5 9. cxd5 cxd5 10. d4 e4 11. Qb3 Kh8 12. Bd2 b6 13. Rac1 Nc7
14. Nb5 Nxb5 15. Qxb5 a5 16. Rfe1 Ba6 17. Qa4 Bxe2 18. Rxe2 Ne8 19. Qc6
Nf6 20. Ree1 Rc8 21. Qb7 Rb8 22. Qa6 Qd7 23. Bf1 Qb7 24. Qb5 Ne8 25.
Rc2 Nd6 26. Qb3 Rfc8 27. Rec1 Rxc2 28. Rxc2 Kg8 29. Bb5 Nxb5 30. Qxb5
Kf8 31. Rc6 Bd8 32. Qxd5 Qf7 33. Qd6+ 1-0

[Event "DEN-ch Jr op"]
[Site "Haderslev"]
[Date "1981.06.??"]
[Round "2"]
[White "Fluckiger, Christian"]
[Black "Norgaard, Jesper"]
[Result "1/2-1/2"]
[WhiteElo "2160"]
[BlackElo "2244"]

1. e4 e5 2. Nf3 Nc6 3. Bc4 Bc5 4. d3 Nf6 5. Nc3 d6 6. Bg5 h6 7. Bxf6
Qxf6 8. Nd5 Qd8 9. c3 Bg4 10. b4 Bb6 11. a4 a6 12. Nxb6 cxb6 13. h3 Bh5
14. Qe2 O-O 15. g4 Bg6 16. h4 b5 17. Ba2 bxa4 18. h5 Bh7 19. Qe3 b5
20. g5 hxg5 21. Rg1 Qf6 22. Rxg5 Nd8 23. Ke2 Ne6 24. Bxe6 fxe6 25. Rag1
Rf7 26. R5g3 Raf8 27. h6 g6 28. R1g2 Qf4 29. Ng5 Qxe3+ 30. Rxe3 Rf6
31. d4 exd4 32. cxd4 Rc8 33. e5 dxe5 34. dxe5 Rf4 35. Rd3 Rh4 36. f4
Rxh6 37. Ke3 Rh1 38. Rgd2 Kh8 39. Nxe6 Rh3+ 40. Kf2 Rh2+ 41. Kg3 Rxd2
42. Rxd2 a5 43. bxa5 b4 44. a6 Bg8 45. Rh2+ Bh7 46. Rd2 Bg8 47. Rh2+
Bh7 1/2-1/2

[Event "DEN-ch Jr op"]
[Site "Haderslev"]
[Date "1981.06.??"]
[Round "2"]
[White "Fransson, Peter"]
[Black "Rewitz, Poul"]
[Result "1/2-1/2"]
[WhiteElo "2181"]
[BlackElo "2007"]

1. e4 Nf6 2. e5 Nd5 3. d4 d6 4. Bc4 c6 5. Qe2 g6 6. Bxd5 cxd5 7. Bf4
Nc6 8. Nf3 dxe5 9. Bxe5 Nxe5 10. Nxe5 Qa5+ 11. c3 Bg7 12. O-O O-O 13.
Nd2 f6 14. Nd3 Bf5 15. Rfe1 Rfe8 16. Nb3 Qc7 17. Nb4 Rad8 18. Qb5 a6
19. Qa4 e5 20. Nxd5 Qd6 21. Ne3 Bd3 22. Nc5 exd4 23. Nxb7 Qd7 24. Qxd7
Rxd7 25. Nc5 dxe3 26. Nxd7 e2 27. Nc5 Bb5 28. a4 Bc4 29. b3 Bf7 30.
Rac1 f5 31. c4 a5 32. Rc2 Bf8 33. Nd3 Rd8 34. Nc1 Bb4 35. Rcxe2 Bxe1
36. Rxe1 Rd2 37. f3 f4 38. Ne2 Rd3 39. Rb1 g5 40. Rb2 Kg7 41. Kf2 Kf6
42. Ke1 Ke5 43. Nc1 Re3+ 44. Kd1 Kd4 45. Rd2+ Kc3 46. Re2 Rxe2 47. Kxe2
Kc2 48. Nd3 Kxb3 49. c5 Bd5 50. Ne5 Kxa4 51. c6 Kb5 52. c7 Bb7 53. Nf7
Kc6 54. Nxg5 Kxc7 55. Ne6+ Kd6 56. Nxf4 Ke5 57. Nd3+ Kd4 58. Kd2 a4
59. Nf4 a3 60. Ne2+ Ke5 61. Kc3 Bd5 62. Nc1 h5 63. Nd3+ Kf5 64. h4 Bc4
65. g3 Bxd3 66. g4+ Kf4 67. Kb3 Bc4+ 68. Kxa3 hxg4 69. fxg4 Kxg4 70.
Kb4 Kxh4 1/2-1/2

[Event "DEN-ch Jr op"]
[Site "Haderslev"]
[Date "1981.06.??"]
[Round "2"]
[White "Hofmann, Michael"]
[Black "Sorensen, Torben N"]
[Result "1-0"]
[WhiteElo "2061"]
[BlackElo "1952"]

1. e4 d6 2. d4 Nf6 3. Nc3 g6 4. Bg5 c6 5. Qd2 b5 6. Bd3 h6 7. Bh4 g5
8. Bg3 Nh5 9. e5 Bg7 10. f4 gxf4 11. Bxf4 Nxf4 12. Qxf4 dxe5 13. dxe5
Qc7 14. Nf3 Be6 15. Qg3 Bf8 16. Nd4 Nd7 17. Nxe6 fxe6 18. Qg6+ Kd8 19.
O-O-O Qxe5 20. Rhe1 Qg5+ 21. Qxg5 hxg5 22. Rxe6 Rc8 23. Bf5 Rc7 24. Ne4
Bg7 25. Nc5 Ke8 26. Nxd7 Rxd7 27. Rxd7 Kxd7 28. Rg6+ e6 29. Rxg7+ 1-0

[Event "DEN-ch Jr op"]
[Site "Haderslev"]
[Date "1981.06.??"]
[Round "2"]
[White "Kirkmeester, Heiko"]
[Black "Caspersen, Jes"]
[Result "0-1"]
[WhiteElo "2225"]
[BlackElo "1907"]

1. d4 Nf6 2. c4 g6 3. g3 Bg7 4. Bg2 O-O 5. e4 d6 6. Ne2 e5 7. d5 Nbd7
8. O-O b6 9. h3 a5 10. Be3 Ba6 11. Qc2 Nc5 12. a3 a4 13. Bxc5 bxc5 14.
Qxa4 Nd7 15. Qc2 f5 16. Nd2 f4 17. g4 h5 18. f3 Kf7 19. Rfb1 Qb8 20. h4
hxg4 21. fxg4 Nf6 22. g5 Ng4 23. Bh3 Ne3 24. Qc3 Rh8 25. Be6+ Kf8 26.
Rf1 Nxf1 27. Rxf1 Rh7 28. h5 Qd8 29. Qg3 Ke8 30. Nxf4 exf4 31. Qxf4
Bd4+ 32. Kg2 Qe7 33. hxg6 Rh5 34. Bd7+ Kd8 35. Bg4 Rh8 36. Be6 Be5 37.
Qg4 Rf8 38. Rf7 Rxf7 39. gxf7 Bc8 40. Nf3 Bg7 41. Nh4 Qxf7 42. Qf5 Qh5
43. Kg3 Rb8 44. Bxc8 Rxc8 45. Nf3 Rb8 46. e5 dxe5 47. d6 cxd6 48. Qe6
Bf8 49. g6 Rb3 50. Qf7 Qg5+ 0-1

[Event "DEN-ch Jr op"]
[Site "Haderslev"]
[Date "1981.06.??"]
[Round "2"]
[White "Lutz, Richard"]
[Black "Nielsen, Lars"]
[Result "1-0"]
[WhiteElo "2160"]
[BlackElo "2037"]

1. c4 g6 2. e4 Bg7 3. d4 d6 4. Nc3 Nc6 5. Be3 e5 6. d5 Nce7 7. g4 Nf6
8. f3 h5 9. g5 Nh7 10. h4 O-O 11. Qd2 Bd7 12. c5 Qb8 13. b4 Nc8 14. Bh3
Bxh3 15. Nxh3 Rd8 16. O-O c6 17. Nf2 Qc7 18. Rfd1 a5 19. a3 dxc5 20.
bxc5 b6 21. cxb6 Nxb6 22. d6 Qa7 23. Rab1 Nc4 24. Bxa7 Nxd2 25. Rxd2
Rxa7 26. Rb6 Rc8 27. Nd3 Nf8 28. Nb2 Nd7 29. Rb3 Bf8 30. Nc4 Ra6 31.
Rb7 Rd8 32. Na4 Raa8 33. Nab6 Nxb6 34. Rxb6 Rac8 35. Kg2 Kg7 36. d7 Rc7
37. Nxe5 1-0

[Event "DEN-ch Jr op"]
[Site "Haderslev"]
[Date "1981.06.??"]
[Round "2"]
[White "Nielsen, Jan"]
[Black "Light, Bjarne"]
[Result "1/2-1/2"]
[WhiteElo "2023"]
[BlackElo "1904"]

1. e4 d6 2. d4 Nf6 3. Bd3 g6 4. Nf3 Bg7 5. O-O O-O 6. c3 c6 7. Re1 Nbd7
8. Nbd2 e5 9. a4 Qc7 10. Bf1 Re8 11. Nc4 exd4 12. cxd4 Rxe4 13. Rxe4
Nxe4 14. Bf4 Nb6 15. Qe1 Nxc4 16. Bxc4 Qe7 17. Ng5 d5 18. Nxe4 dxe4
19. Rd1 Bf5 20. d5 cxd5 21. Bxd5 Rd8 22. Qa5 b6 23. Qb5 Be6 24. Rd2
Rxd5 25. Rxd5 Bxd5 26. Qxd5 Bxb2 27. Bh6 Bg7 28. Bg5 Qe5 29. Qd8+ Bf8
30. g3 Kg7 31. Bf4 Qe6 32. Qb8 a5 33. Be5+ f6 34. Bd4 Bc5 35. Bxc5 bxc5
36. Qc7+ Kh6 37. Qxc5 Qe5 38. Qe3+ g5 39. Qa3 e3 40. fxe3 Kg6 1/2-1/2

[Event "DEN-ch Jr op"]
[Site "Haderslev"]
[Date "1981.06.??"]
[Round "2"]
[White "Ochsner, Thomas"]
[Black "Holmsgaard, Henrik"]
[Result "1/2-1/2"]
[WhiteElo "2029"]
[BlackElo "2101"]

1. d4 Nf6 2. c4 e6 3. Nf3 Bb4+ 4. Bd2 Qe7 5. g3 O-O 6. Bg2 Bxd2+ 7.
Qxd2 Ne4 8. Qc2 f5 9. O-O Nc6 10. Nc3 Nxc3 11. Qxc3 b6 12. d5 Nd8 13.
dxe6 dxe6 14. Ne5 Bb7 15. Rad1 Bxg2 16. Rd7 Qf6 17. Kxg2 Rc8 18. f4 Kh8
19. Rfd1 Nb7 20. b4 a5 21. a3 axb4 22. axb4 Nd8 23. c5 Nc6 24. R1d3 Ne7
25. Qd4 Nd5 26. Nc6 Qxd4 27. Rxd4 Rfe8 28. cxb6 cxb6 29. Ne5 Rc2 30.
Kf3 Kg8 31. Rd6 h6 32. Nd7 b5 33. Nc5 Kf7 34. Nb7 Ke7 35. Ra6 Rb8 36.
Nc5 Rb6 37. Ra7+ Ke8 38. Rxg7 Nxb4 39. Rxb4 Rxc5 40. Rg6 Rd6 41. Rxh6
Kf7 42. Rh7+ Kf6 43. Rb7 Rdd5 44. h4 Rd1 45. R7xb5 Rf1+ 46. Kg2 Rcc1
47. e3 Rg1+ 1/2-1/2

[Event "DEN-ch Jr op"]
[Site "Haderslev"]
[Date "1981.06.??"]
[Round "2"]
[White "Prie, Erik"]
[Black "Bang, Peter"]
[Result "1-0"]
[WhiteElo "2160"]
[BlackElo "1945"]
[WhiteElo "2200"]
[BlackElo "2290"]

1. Nf3 Nf6 2. c4 g6 3. Nc3 d5 4. cxd5 Nxd5 5. g3 Bg7 6. Bg2 O-O 7. O-O
Nb6 8. d3 Nc6 9. Be3 Bd7 10. Qd2 Nb4 11. Ne4 N4d5 12. Bh6 Bc6 13. Bxg7
Kxg7 14. b4 Nf6 15. Nc5 Rb8 16. a4 a6 17. Rfc1 Qe8 18. Qc2 Bxf3 19.
Bxf3 Nbd5 20. Qb3 c6 21. b5 axb5 22. axb5 e5 23. Ra7 Qc8 24. Qb2 Re8
25. Qa1 Kg8 26. h4 h6 27. Qa2 Kg7 28. Kg2 Kg8 29. Ne4 Nxe4 30. Bxe4 Ne7
31. bxc6 bxc6 32. Rxc6 Qd8 33. Rxg6+ 1-0

[Event "DEN-ch Jr op"]
[Site "Haderslev"]
[Date "1981.06.??"]
[Round "2"]
[White "Rasmussen, Karsten"]
[Black "Jelling, Erik"]
[Result "0-1"]
[WhiteElo "2250"]
[BlackElo "2084"]

1. e4 e6 2. d3 d5 3. Nd2 Nf6 4. g3 c5 5. Bg2 Nc6 6. Ngf3 Be7 7. O-O O-O
8. Re1 a6 9. e5 Nd7 10. Nf1 Qc7 11. Bf4 b5 12. h4 Bb7 13. N1h2 b4 14.
Ng4 Qb6 15. Ng5 Rad8 16. Bh3 Nd4 17. h5 a5 18. c3 bxc3 19. bxc3 Nb5
20. Qc2 h6 21. Nf3 d4 22. Bg2 dxc3 23. Qc1 Bxf3 24. Bxf3 Nd4 25. Be4
Qb2 26. Qd1 c2 27. Qd2 c4 28. Nxh6+ gxh6 29. Bxh6 Nc5 30. Qf4 Ne2+ 31.
Rxe2 Qxa1+ 32. Kh2 Nxe4 33. Qg4+ Ng5 34. Bxg5 Bxg5 35. Qxg5+ Kh7 36. h6
Rg8 37. Qf4 f5 38. Rxc2 Rg6 0-1

[Event "DEN-ch Jr op"]
[Site "Haderslev"]
[Date "1981.06.??"]
[Round "2"]
[White "Schandorff, Lars"]
[Black "Windelboe, Werner"]
[Result "1/2-1/2"]
[WhiteElo "2165"]
[BlackElo "1982"]

1. e4 b6 2. d4 Bb7 3. Nd2 e6 4. Ngf3 Be7 5. Bd3 Nf6 6. O-O O-O 7. Qe2
c5 8. c3 cxd4 9. cxd4 Qc8 10. Nb3 Ba6 11. Bg5 Bxd3 12. Qxd3 Qa6 13. Qd1
Nc6 14. Bxf6 Bxf6 15. e5 Bd8 16. Qd2 Ne7 17. Nc1 Nd5 18. Nd3 Be7 19. a3
Rac8 20. Rac1 Rxc1 21. Rxc1 Rc8 1/2-1/2

[Event "DEN-ch Jr op"]
[Site "Haderslev"]
[Date "1981.06.??"]
[Round "2"]
[White "Watson, William"]
[Black "Ray, Dennis"]
[Result "1-0"]
[WhiteElo "2350"]
[BlackElo "2126"]

1. e4 e6 2. d4 d5 3. Nc3 Bb4 4. Nge2 Ne7 5. a3 Ba5 6. g3 dxe4 7. b4 Bb6
8. Nxe4 Nbc6 9. Bb2 Nf5 10. c3 Nd6 11. Nd2 e5 12. Bg2 O-O 13. d5 Qf6
14. O-O Ne7 15. c4 Bd4 16. Nxd4 exd4 17. c5 Ndf5 18. Nb3 Rd8 19. Re1
Kf8 20. Nxd4 Nxd4 21. Bxd4 Qg6 22. Qb3 Bg4 23. Be5 Nf5 24. h3 Bh5 25.
g4 Nh4 26. Qg3 Nxg2 27. Qxg2 1-0

[Event "DEN-ch Jr op"]
[Site "Haderslev"]
[Date "1981.06.??"]
[Round "2"]
[White "Winants, Luc"]
[Black "Madsen, John"]
[Result "1-0"]
[WhiteElo "2138"]
[BlackElo "2023"]

1. d4 Nf6 2. c4 g6 3. Nc3 Bg7 4. e4 d6 5. Nf3 O-O 6. Be2 e6 7. Be3 Nbd7
8. O-O c6 9. d5 Qe7 10. Nd2 Ne8 11. b4 f5 12. f3 f4 13. Bf2 c5 14. bxc5
Nxc5 15. Nb3 b6 16. a4 Qg5 17. Kh1 Bd7 18. a5 Nc7 19. Nxc5 bxc5 20. Nb5
Ne8 21. a6 Rf6 22. Qb3 Rb8 23. Qa3 Bxb5 24. cxb5 Qh5 25. b6 g5 26. bxa7
Rh6 27. Bg1 Ra8 28. Rfb1 Nf6 29. Rb8+ Bf8 30. Rxa8 Nxe4 31. Rxf8+ Kg7
32. fxe4 1-0

[Event "DEN-ch Jr op"]
[Site "Haderslev"]
[Date "1981.06.??"]
[Round "2"]
[White "Zielinski, Marek"]
[Black "Christensen, Jan Schleicher"]
[Result "1-0"]
[WhiteElo "2125"]
[BlackElo "2019"]

1. e4 e5 2. Nf3 Nc6 3. Bb5 f5 4. Nc3 Nd4 5. Ba4 Nf6 6. exf5 Bc5 7. Nxe5
O-O 8. O-O d5 9. Nf3 Bxf5 10. Nxd4 Bxd4 11. Ne2 Bg4 12. c3 Qe7 13. Bb5
Rae8 14. cxd4 Bxe2 15. Bxe2 Qxe2 16. d3 Qxd1 17. Rxd1 Re2 18. Kf1 Rfe8
19. h3 R8e6 20. Bd2 Kf7 21. Rac1 Ne8 22. Rc3 c6 23. Rc2 Nd6 24. Re1
Rxe1+ 25. Bxe1 Rf6 26. Bc3 Rf4 27. g3 Rf3 28. Rd2 h5 29. Kg2 Rf6 30.
Re2 h4 31. g4 Rf4 32. Re3 Nb5 33. Rf3 Rxf3 34. Kxf3 g5 35. Ke3 Nc7 36.
Bb4 Ne6 37. Bd6 b6 38. Be5 c5 39. dxc5 bxc5 40. b3 Nd8 41. d4 Nc6 42.
Bh8 c4 43. bxc4 dxc4 44. f4 gxf4+ 45. Kxf4 Ne7 46. Ke4 Ke6 47. Be5 Nd5
48. a3 a5 49. Bf4 a4 50. Bd2 Nf6+ 51. Ke3 Nd5+ 52. Ke4 Nf6+ 53. Ke3
Nd5+ 54. Kf3 c3 55. Bc1 c2 56. Ke4 Nc3+ 57. Kd3 Nd1 58. Kxc2 Nf2 59.
Be3 Nxh3 60. Kd3 Kf6 61. d5 Ng5 62. Bxg5+ Kxg5 63. d6 Kf6 64. g5+ 1-0